Environmental Hazards in Third World Development

Guardado en:
Detalles Bibliográficos
Autor principal: Texler, Jiří
Formato: Libro
Lenguaje:inglés
Publicado: Budapest Institut for World Economy 1986
Edición:1. ed.
Etiquetas: Agregar Etiqueta
Sin Etiquetas, Sea el primero en etiquetar este registro!

MARC

LEADER 00000nam a2200000 4500
001 c030314
005 20221220071457.1
041 0 |a eng 
044 |a HU 
245 1 0 |a Environmental Hazards in Third World Development  |c Jiří Texler 
250 |a 1. ed. 
264 1 |a Budapest  |b Institut for World Economy  |c 1986 
300 |a 48 s. 
100 1 |a Texler, Jiří